| 000 | 01256cab a22002055a 4500 | ||
|---|---|---|---|
| 001 | L140496 | ||
| 008 | 070925s2007 xxk f 000 0 eng d | ||
| 035 | _a(Sirsi) u140496 | ||
| 041 | 0 | _aeng | |
| 100 | 1 | _aKearns, Ade | |
| 245 | 0 | 0 | _aMixed tenure communities and neighbourhood quality |
| 260 | _c2007 | ||
| 490 |
_aHousing Studies _v22(5) September 2007, 661-691(31) |
||
| 520 | _aExamines the effectiveness and issues surrounding the UK's policy of promoting mixed tenure communities. Analyses the positive economic and service impacts and community-level benefits which successful application of this policy can bring. Social environment, behaviours and appearance can benefit, and a reduction social exclusion can result. Considers how tenure mix can be effectively measured. Uses findings from the Survey of English Housing to demonstrate that the level of social renting has greater bearing on conditions than the level of tenure mixing. Argues that tenure dispersal policies are more effective than dilution. | ||
| 590 | _aKA | ||
| 651 | 4 |
_aUnited Kingdom _y |
|
| 690 | _aPROPERTY-RESIDENTIAL PROPERTY-DOMESTIC RESIDENTIAL PROPERTY-HOUSING-HOUSES-MIXED HOUSING DEVELOPMENTS-HOUSING ON HOUSING ESTATES | ||
| 700 | 1 | _aMason, Phil | |
| 942 | _n0 | ||
| 999 |
_c79286 _d79286 |
||